Reveal the Countries of the World - Statistics

General Stats
  • This quiz has been taken 84 times
    69 since last reset
  • The average score is 133 of 198
Answers on the Map
Answers color-coded by a green-red scale on the quiz's map according to % correct below.
 
Answer Stats
ANSWER % Correct
Russia (Russian Federation)
90%
Canada
87%
Denmark (Kingdom of Denmark)
87%
Germany (Federal Republic of Germany)
87%
Italy (Italian Republic)
87%
Portugal (Portuguese Republic)
87%
Spain (Kingdom of Spain)
87%
Sweden (Kingdom of Sweden)
87%
United Kingdom (United Kingdom of Great Britain and Northern Ireland)
87%
Austria (Republic of Austria)
83%
Finland (Republic of Finland)
83%
France (French Republic)
83%
Greece (Hellenic Republic)
83%
Ireland
83%
Mexico (United Mexican States)
83%
Norway (Kingdom of Norway)
83%
Romania
83%
Turkey (Republic of Türkiye)
83%
United States (United States of America)
83%
Belgium (Kingdom of Belgium)
80%
Czechia (Czech Republic)
80%
Netherlands (Kingdom of the Netherlands)
80%
Oman (Sultanate of Oman)
80%
Poland (Republic of Poland)
80%
Slovakia (Slovak Republic)
80%
Yemen (Republic of Yemen)
80%
Argentina (Argentine Republic)
77%
Australia (Commonwealth of Australia)
77%
Chile (Republic of Chile)
77%
China (People's Republic of China)
77%
Iceland
77%
India (Republic of India)
77%
Laos (Lao People's Democratic Republic)
77%
Nigeria (Federal Republic of Nigeria)
77%
Niger (Republic of the Niger)
77%
Paraguay (Republic of Paraguay)
77%
Serbia (Republic of Serbia)
77%
Slovenia (Republic of Slovenia)
77%
South Africa (Republic of South Africa)
77%
Ukraine
77%
Albania (Republic of Albania)
73%
Algeria (People's Democratic Republic of Algeria)
73%
Brazil (Federative Republic of Brazil)
73%
Bulgaria (Republic of Bulgaria)
73%
Croatia (Republic of Croatia)
73%
Egypt (Arab Republic of Egypt)
73%
Ethiopia (Federal Democratic Republic of Ethiopia)
73%
Hungary
73%
Iran (Islamic Republic of Iran)
73%
Iraq (Republic of Iraq)
73%
Japan
73%
Kazakhstan (Republic of Kazakhstan)
73%
Kenya (Republic of Kenya)
73%
Kosovo (Republic of Kosovo)
73%
Luxembourg (Grand Duchy of Luxembourg)
73%
Mongolia
73%
Morocco (Kingdom of Morocco)
73%
Pakistan (Islamic Republic of Pakistan)
73%
Panama (Republic of Panama)
73%
Peru (Republic of Peru)
73%
Saudi Arabia (Kingdom of Saudi Arabia)
73%
South Korea (Republic of Korea)
73%
Vatican City (Vatican City State)
73%
Venezuela (Bolivarian Republic of Venezuela)
73%
Afghanistan (Islamic Emirate of Afghanistan)
70%
Belarus (Republic of Belarus)
70%
Chad (Republic of Chad)
70%
Colombia (Republic of Colombia)
70%
Cuba (Republic of Cuba)
70%
Estonia (Republic of Estonia)
70%
Indonesia (Republic of Indonesia)
70%
Jamaica
70%
Jordan (Hashemite Kingdom of Jordan)
70%
Latvia (Republic of Latvia)
70%
Malta (Republic of Malta)
70%
Moldova (Republic of Moldova)
70%
Nepal (Federal Democratic Republic of Nepal)
70%
New Zealand
70%
North Korea (Democratic People's Republic of Korea)
70%
North Macedonia (Republic of North Macedonia)
70%
Republic of the Congo
70%
Somalia (Federal Republic of Somalia)
70%
South Sudan (Republic of South Sudan)
70%
Suriname (Republic of Suriname)
70%
Switzerland (Swiss Confederation)
70%
Uruguay (Oriental Republic of Uruguay)
70%
Zimbabwe (Republic of Zimbabwe)
70%
Andorra (Principality of Andorra)
67%
Armenia (Republic of Armenia)
67%
Bolivia (Plurinational State of Bolivia)
67%
Cambodia (Kingdom of Cambodia)
67%
Djibouti (Republic of Djibouti)
67%
Ecuador (Republic of Ecuador)
67%
Fiji (Republic of Fiji)
67%
Georgia
67%
Ghana (Republic of Ghana)
67%
Lesotho (Kingdom of Lesotho)
67%
Libya (State of Libya)
67%
Lithuania (Republic of Lithuania)
67%
Mali (Republic of Mali)
67%
Montenegro
67%
Qatar (State of Qatar)
67%
Rwanda (Republic of Rwanda)
67%
San Marino (Republic of San Marino)
67%
Senegal (Republic of Senegal)
67%
Sudan (Republic of the Sudan)
67%
Tuvalu
67%
Angola (Republic of Angola)
63%
Azerbaijan (Republic of Azerbaijan)
63%
Bahamas (Commonwealth of The Bahamas)
63%
Bangladesh (People's Republic of Bangladesh)
63%
Belize
63%
Bhutan (Kingdom of Bhutan)
63%
Botswana (Republic of Botswana)
63%
Cameroon (Republic of Cameroon)
63%
Costa Rica (Republic of Costa Rica)
63%
Côte d'Ivoire (Republic of Côte d'Ivoire)
63%
Cyprus (Republic of Cyprus)
63%
Democratic Republic of the Congo
63%
Guyana (Co-operative Republic of Guyana)
63%
Honduras (Republic of Honduras)
63%
Israel (State of Israel)
63%
Kuwait (State of Kuwait)
63%
Lebanon (Republic of Lebanon)
63%
Liberia (Republic of Liberia)
63%
Liechtenstein (Principality of Liechtenstein)
63%
Madagascar (Republic of Madagascar)
63%
Malawi (Republic of Malawi)
63%
Malaysia
63%
Mauritius (Republic of Mauritius)
63%
Nicaragua (Republic of Nicaragua)
63%
Papua New Guinea (Independent State of Papua New Guinea)
63%
Saint Lucia
63%
Samoa (Independent State of Samoa)
63%
Syria (Syrian Arab Republic)
63%
Tajikistan (Republic of Tajikistan)
63%
Tanzania (United Republic of Tanzania)
63%
Thailand (Kingdom of Thailand)
63%
Tonga (Kingdom of Tonga)
63%
Tunisia (Republic of Tunisia)
63%
Turkmenistan
63%
United Arab Emirates
63%
Uzbekistan (Republic of Uzbekistan)
63%
Vietnam (Socialist Republic of Vietnam)
63%
Zambia (Republic of Zambia)
63%
Bosnia and Herzegovina
60%
Central African Republic
60%
El Salvador (Republic of El Salvador)
60%
Gabon (Gabonese Republic)
60%
Guinea (Republic of Guinea)
60%
Haiti (Republic of Haiti)
60%
Mauritania (Islamic Republic of Mauritania)
60%
Monaco (Principality of Monaco)
60%
Myanmar (Republic of the Union of Myanmar)
60%
Namibia (Republic of Namibia)
60%
Singapore (Republic of Singapore)
60%
Solomon Islands
60%
Sri Lanka (Democratic Socialist Republic of Sri Lanka)
60%
Uganda (Republic of Uganda)
60%
Antigua and Barbuda
57%
Barbados
57%
Brunei (Brunei Darussalam)
57%
Eritrea (State of Eritrea)
57%
Eswatini (Kingdom of Eswatini)
57%
Gambia (Republic of The Gambia)
57%
Guatemala (Republic of Guatemala)
57%
Guinea-Bissau (Republic of Guinea-Bissau)
57%
Marshall Islands (Republic of the Marshall Islands)
57%
Micronesia (Federated States of Micronesia)
57%
Mozambique (Republic of Mozambique)
57%
Palau (Republic of Palau)
57%
Philippines (Republic of the Philippines)
57%
Saint Kitts and Nevis (Federation of Saint Christopher and Nevis)
57%
Taiwan (Republic of China)
57%
Togo (Togolese Republic)
57%
Trinidad and Tobago (Republic of Trinidad and Tobago)
57%
Bahrain (Kingdom of Bahrain)
53%
Benin (Republic of Benin)
53%
Burkina Faso
53%
Burundi (Republic of Burundi)
53%
Dominica (Commonwealth of Dominica)
53%
Dominican Republic
53%
Equatorial Guinea (Republic of Equatorial Guinea)
53%
Grenada
53%
Maldives (Republic of Maldives)
53%
Nauru (Republic of Nauru)
53%
Palestine (State of Palestine)
53%
São Tomé and Príncipe (Democratic Republic of São Tomé and Príncipe)
53%
Seychelles (Republic of Seychelles)
53%
Vanuatu (Republic of Vanuatu)
53%
Comoros (Union of the Comoros)
50%
Kiribati (Republic of Kiribati)
50%
Kyrgyzstan (Kyrgyz Republic)
50%
Saint Vincent and the Grenadines
50%
Sierra Leone (Republic of Sierra Leone)
50%
Timor-Leste (Democratic Republic of Timor-Leste)
47%
Cabo Verde (Republic of Cabo Verde)
43%
Western Sahara (Sahrawi Arab Democratic Republic)
37%
No matching quizzes found
Score Distribution
Percent of People with Each Score
Percentile by Number Answered
Your Score History
You have not taken this quiz since the last reset